000 00761nam a2200193Ii 4500
003 JO-AjNU
008 230605s9999||||xx |||||||||||||| ||und||
040 _aJO-AjNU
_bara
_erda
_cJO-AjNU
041 _aara
050 1 4 _aBP130.4.Z376 1996
100 3 _aالزرقاني، محمد عبد العظيم ,
_eauthor
_956545
245 0 0 _aمناهل العرفان في علوم القرآن طبق ما قرره مجلس الازهر الاعلى في دراسة تخصص الكليات الازهرية، ج1
264 3 1 _aبيروت: دار الكتب العلمية، 1996
300 _aج1، 485ص
336 _atext
_btxt
_2rdacontent
337 _aunmediated
_bn
_2rdamedia
338 _avolume
_bnc
_2rdacarrier
650 4 _aالقرآن- علوم
_956546
999 _aA25285
_c28853
_d28853